Statistiken für Australien und Länder Ozeaniens - anhand der ersten beiden Buchstaben in 30 Sekunden

Klicken Sie hier um das Quiz zu spielen!

Allgemein

  • Dieses Quiz wurde 753 mal gespielt
  • Das Durchschnittsergebnis liegt bei 12 aus 14

Antwortstatistiken

Länder% Korrekt
Au
96%
Ne
91%
Pa
91%
Pa
91%
Sa
86%
Sa
86%
Tu
83%
Mi
82%
Ma
81%
Va
80%
To
79%
Fi
78%
Na
74%
Ki
69%

Verteilung der Resultate

Perzentil nach korrekt beantworteten Fragen

Anzahl Personen mit jedem Resultat

Ihre Resultats-Entwicklung

Sie haben dieses Quiz noch nicht gespielt